Principles of federal policy co-ordination in the Federal Republic of Germany : Basic issues and annotated legislation

Đã lưu trong:
Sonraí Bibleagrafaíochta
Príomhúdar: Spahn, P. Bernd
Formáid: Leabhar
Teanga:Undetermined
Foilsithe: Canberra Centre for Research on Federal Financial Relations, Australian National University 1978
Ábhair:
Clibeanna: Cuir Clib Leis
Gan Chlibeanna, Bí ar an gcéad duine leis an taifead seo a chlibeáil!
Thư viện lưu trữ: Trung tâm Học liệu Trường Đại học Cần Thơ
LEADER 00652nam a2200193Ia 4500
001 CTU_82177
008 210402s9999 xx 000 0 und d
082 |a 321.02 
082 |b S734 
100 |a Spahn, P. Bernd 
245 0 |a Principles of federal policy co-ordination in the Federal Republic of Germany : 
245 0 |b Basic issues and annotated legislation 
245 0 |c P. Bernd Spahn 
260 |a Canberra 
260 |b Centre for Research on Federal Financial Relations, Australian National University 
260 |c 1978 
650 |a Federal government 
904 |i Trọng Hải 
980 |a Trung tâm Học liệu Trường Đại học Cần Thơ